UM Logo

Influence of utilization of social networking sites on language research performance of english students/ (Record no. 10107)

MARC details
000 -LEADER
fixed length control field 00685nam a22001697a 4500
008 - FIXED-LENGTH DATA ELEMENTS--GENERAL INFORMATION
fixed length control field 180801b ||||| |||| 00| 0 eng d
082 ## - DEWEY DECIMAL CLASSIFICATION NUMBER
Edition number 2018
Classification number UT 0973
Item number S24
100 ## - MAIN ENTRY--PERSONAL NAME
9 (RLIN) 29856
Personal name Saranillo, Jessa Mae D.
245 ## - TITLE STATEMENT
Title Influence of utilization of social networking sites on language research performance of english students/
Statement of responsibility, etc. Jessa Mae D. Saranillo, Genmarie C. Plaza and Jennevave A. Pilapil.
260 ## - PUBLICATION, DISTRIBUTION, ETC. (IMPRINT)
Place of publication, distribution, etc. Digos City:
Name of publisher, distributor, etc. UMDC
Date of publication, distribution, etc. April 2018.
300 ## - PHYSICAL DESCRIPTION
Extent 42 pages;
Other physical details 30 cm.
650 #0 - SUBJECT ADDED ENTRY--TOPICAL TERM
9 (RLIN) 29857
Topical term or geographic name as entry element Education.
Form subdivision English
General subdivision Undergraduate thesis.
700 ## - ADDED ENTRY--PERSONAL NAME
9 (RLIN) 29858
Personal name Saranillo, Jessa Mae D.
700 ## - ADDED ENTRY--PERSONAL NAME
9 (RLIN) 29859
Personal name Plaza, Genmarie C.
700 ## - ADDED ENTRY--PERSONAL NAME
9 (RLIN) 29861
Personal name Pilapil, Jenevave A.
942 ## - ADDED ENTRY ELEMENTS (KOHA)
Source of classification or shelving scheme Dewey Decimal Classification
Koha item type Undergraduate Thesis
Holdings
Withdrawn status Lost status Source of classification or shelving scheme Damaged status Not for loan Home library Current library Date acquired Total Checkouts Full call number Barcode Date last seen Price effective from Koha item type
    Dewey Decimal Classification     UM Digos College - LIC UM Digos College - LIC 07/12/2018   UT 0973 S24 2018 0973 05/15/2025 08/01/2018 Undergraduate Thesis